000 00719nam a2200229 i 4500
001 133561
003 ES-MaACL
005 20230906194443.0
007 t|
008 070821s1979 fr ||||1| fre d
080 _a821.133.1-2
100 0 _aLabiche, Eugène.
_969236
245 1 0 _aThéâtre.
_n, . II /
_cEugéne Labiche ; chronologie, notices et notes par Gilbert Sigaux.
260 _aParis :
_bGarnier-Flammarion,
_c[1979]
300 _a702 p. ;
_c18 cm.
490 1 _aTexte intégral ;
_v331
500 _aBiblioteca Jacinto Martínez Lacalle.
700 1 _aSigaux, Gilbert.
_9106302
830 0 _aTexte intégral ;
_v331
_9184081
852 _aES-MaACL
_jE-11988
_bR.139887
999 _c133561
_d133561